Cẩm nang tra cứu IC TV màu và monitor
Shranjeno v:
| Glavni avtor: | |
|---|---|
| Format: | Knjiga |
| Jezik: | Undetermined |
| Izdano: |
Tp. HCM
Tp HCM
2002
|
| Teme: | |
| Oznake: |
Označite
Brez oznak, prvi označite!
|
| Thư viện lưu trữ: | Trung tâm Học liệu Trường Đại học Cần Thơ |
|---|
| LEADER | 00532nam a2200169Ia 4500 | ||
|---|---|---|---|
| 001 | CTU_48628 | ||
| 008 | 210402s9999 xx 000 0 und d | ||
| 082 | |a 621.3815 | ||
| 082 | |b H103/T4 | ||
| 100 | |a ĐỖ THANH HẢI | ||
| 245 | 0 | |a Cẩm nang tra cứu IC TV màu và monitor | |
| 245 | 0 | |c ĐỖ THANH HẢI, Trương Trọng Tuấn, Trần Quốc Tuấn | |
| 260 | |a Tp. HCM | ||
| 260 | |b Tp HCM | ||
| 260 | |c 2002 | ||
| 650 | |a integrated circuits | ||
| 980 | |a Trung tâm Học liệu Trường Đại học Cần Thơ | ||